000 00488nam a2200193 a 4500
001 18649
005 20180713211957.0
008 140415s1976 000 0 spa d
020 _a9681000153
041 _aspa
082 _a153.12
_bLOR
100 1 _aLORAYNE, HARRY
245 1 0 _aCOMO ADQUIRIR UNA SUPERMEMORIA
250 _a2a ed.
260 _a[s.l.] :
_bBRUGUERA,
_c1976
300 _a333
650 1 4 _aMEMORIA
_xDESARROLLO
700 1 _aPORTA, BALDOMERO
_etr.
999 _c18649
_d18649